Carregant...

Marketing management /

Dades bibliogràfiques
Autor principal: Sherlekar, S. A.
Format: Printed Book
Idioma:English
Publicat: Bombay : Himalaya Pub. House, 1984.
Edició:3rd. ed.
Matèries:
LEADER 00516nam a2200157Ia 4500
008 150624b xxu||||| |||| 00| 0 eng d
082 |a 658.8 
100 |a Sherlekar, S. A. 
245 |a Marketing management /  |c S. A. Sherlekar 
250 |a 3rd. ed. 
260 |a Bombay :  |b Himalaya Pub. House,  |c 1984. 
300 |a 526 p. 
650 |x Marketing. 
942 |c BK 
999 |c 38603  |d 38603 
952 |0 0  |1 0  |4 0  |6 658_800000000000000_SHE_M  |7 0  |9 38602  |a UL  |b UL  |c ST1  |d 1998-09-01  |l 1  |o 658.8 SHE/M  |p 56309  |r 2018-01-10  |s 2017-11-17  |w 2012-10-27  |y BK